Ecological site conditions and landuse options in amazonian Peru (Registro nro. 11038)

Detalles MARC
000 -CABECERA
Campo de control 005410000a22001690004500
090 ## - CLASIFICACIÓN LOCAL
Colección AR
Consecutivo 01961
041 0# - IDIOMA
Código de idioma para texto/pista de sonido o título separado
100 1# - ASIENTO PRINCIPAL--NOMBRE PERSONAL
Nombre personal Kalliola, Risto
245 10 - MENCION DE TITULO
Título Ecological site conditions and landuse options in amazonian Peru
650 14 - ASIENTO SECUNDARIO DE MATERIA - TERMINO TEMATICO
Término temático o nombre geográfico como elemento de entrada Uso de la tierra
650 14 - ASIENTO SECUNDARIO DE MATERIA - TERMINO TEMATICO
Término temático o nombre geográfico como elemento de entrada Tecnología agropecuaria
650 14 - ASIENTO SECUNDARIO DE MATERIA - TERMINO TEMATICO
Término temático o nombre geográfico como elemento de entrada Cartografía
651 #4 - ASIENTO SECUNDARIO DE MATERIA - NOMBRE GEOGRAFICO
-- Río Amazonas
-- Perú
700 1# - ASIENTO SECUNDARIO - NOMBRE PERSONAL
Nombre personal Flores Paitán, Salvador
773 1# - Item fuente:
Título Ecosystems and Sustainable Development
Especificación de materiales 656
Paginas del Articulo 253-265
Lugar, editorial y fecha de publicación 1997
942 ## - ELEMENTOS ADICIONALES (KOHA)
Tipo de ítem Artículo
Existencias
Withdrawn status Lost status Damaged status No para préstamo Colección Ubicación Permanente Ubicación actual Fecha de adquisición Fuente de Valor Datos de publicación Seriada Total Checkouts Número topográfico Inventario / Código de Barras Date last seen Ejemplar Price effective from Forma de adquisición Tipo de material
      No para Préstamo Hemeroteca Bogotá Bogotá 27/02/2015 Instituto de Ciencias Naturales Fuera de circulación   AR 01961 012334 25/03/2015 1 25/03/2015   Artículo